00441 a2200193 4500260001000000630002300010650003900033100002100072260001300093300001000106245005400116650001200170650001200182260000900194300000900203100000700212037001000219020001800229 aParis a51 - Mathematiques a5 - SCIENCES EXACTES ET NATURELLES aPommellet, Alain bEllipses a382p. aAgrégation de mathématiques : cours d'analyse aAnalyse aManuels c1994 b26cm lFr aS7345 a2-7298-9416-0